000 00789nam a2200289Ia 4500
008 160321s9999||||xx |||||||||||||| ||und||
040 _cEnglish
082 _aXI.B sharma
082 _bBORI-80259
100 _aRam Sharma
245 4 _aThe arya Samaj and its Impact on Contemporary India
260 _aUNA
260 _bInstitution of Public Administration
300 _a28
300 _cE
300 _ePaperbook
530 _bMeenakshidevi
530 _u00079269.pdf
563 _aStudy
600 _aRam Sharma
630 _aThe arya Samaj and its Impact on Contemporary India
650 _a"Social History,Culture"
650 _aGeneral Indology
700 _aRam Sharma
730 _aThe arya Samaj and its Impact on Contemporary India
942 _cBOOK
999 _c1370252
_d1370249